| 000 | 00527nam a2200157Ia 4500 | ||
|---|---|---|---|
| 005 | 20220909164018.0 | ||
| 008 | 210122b ###||||| |||| 00| 0 spa d | ||
| 020 | _a978-9972-624-34-6 | ||
| 040 |
_aBIBLIOTECA MUNICIPAL DE BARRANCO _cBIBLIOTECA MUNICIPAL DE BARRANCO |
||
| 100 | _aCarthy Anamaria Mc | ||
| 245 | 0 | _aAnatomia interior. introspectiva 1992 - 2017 | |
| 250 | _aPrimera | ||
| 260 |
_aPeru _bAsociacion Cultural Peruano Britanica _c2017 |
||
| 942 |
_cBK _22022-08-24 _zERBG |
||
| 999 |
_c7605 _d7605 |
||